Bharatar rajnaitik byastha (Record no. 4150)

MARC details
000 -LEADER
fixed length control field 00606cam a2200229ua 4500
001 - CONTROL NUMBER
control field 4337
005 - DATE AND TIME OF LATEST TRANSACTION
control field 20260515113822.0
008 - FIXED-LENGTH DATA ELEMENTS--GENERAL INFORMATION
fixed length control field 111223n ii |||gr||||Z||||||asm
020 ## - INTERNATIONAL STANDARD BOOK NUMBER
International Standard Book Number 978-81-910689-9-3
040 ## - CATALOGING SOURCE
Transcribing agency MAIN
082 ## - DEWEY DECIMAL CLASSIFICATION NUMBER
Classification number 320.954
100 1# - MAIN ENTRY--PERSONAL NAME
Personal name Paul, Kipesh Chandra ,
245 11 - TITLE STATEMENT
Title Bharatar rajnaitik byastha
Statement of responsibility, etc. by Kipesh Chandra Paul
250 ## - EDITION STATEMENT
Edition statement 12th.
260 ## - PUBLICATION, DISTRIBUTION, ETC.
Place of publication, distribution, etc. Guwahati:
Name of publisher, distributor, etc. Arun Prakashan,
Date of publication, distribution, etc. 2011.
300 ## - PHYSICAL DESCRIPTION
Extent 720p:
Dimensions 23cm.
653 ## - INDEX TERM--UNCONTROLLED
Uncontrolled term Political science
653 ## - INDEX TERM--UNCONTROLLED
Uncontrolled term Bharatar rajnaitik byastha
700 1# - ADDED ENTRY--PERSONAL NAME
Personal name Nayak, Pratul Chandra,
700 1# - ADDED ENTRY--PERSONAL NAME
Personal name Sarma, Shubhashis,
942 ## - ADDED ENTRY ELEMENTS (KOHA)
Koha item type Books
Holdings
Withdrawn status Lost status Damaged status Not for loan Home library Current library Shelving location Date acquired Total checkouts Full call number Barcode Date last seen Date last checked out Copy number Price effective from Koha item type
        Naharkatiya College Library Naharkatiya College Library General stacks 09/19/2020 1 320.954 | PAU 20258 01/06/2025 12/09/2021 1 09/19/2020 Books